Central Library OPAC University of Rajshahi

The story of Cawnpore / (Record no. 26107)

MARC details
000 -LEADER
fixed length control field 00755cam a22002411 4500
001 - CONTROL NUMBER
control field 26107
003 - CONTROL NUMBER IDENTIFIER
rucl marc code BD-RjUL
005 - DATE AND TIME OF LATEST TRANSACTION
control field 20211209050955.0
008 - FIXED-LENGTH DATA ELEMENTS--GENERAL INFORMATION
fixed length control field 140320s1859 enkef 000 0 eng
035 ## - SYSTEM CONTROL NUMBER
System control number (BD-RjUL)26177
System control number (OCoLC)6131841
040 ## - CATALOGING SOURCE
Original cataloging agency DLC
Transcribing agency OCl
Modifying agency DLC
Language of cataloging eng
041 ## - LANGUAGE CODE
Language code of text/sound track or separate title eng
082 ## - DEWEY DECIMAL CLASSIFICATION NUMBER
Classification number 954.082
Author mark and year THS 1859
100 1# - MAIN ENTRY--PERSONAL NAME
Personal name Thomson, Mowbray.
9 (RLIN) 80238
245 04 - TITLE STATEMENT
Title The story of Cawnpore /
Statement of responsibility, etc. By Capt. Mowbray Thomson ... one of the only two survivors from the Cawnpore garrison.
260 ## - PUBLICATION, DISTRIBUTION, ETC. (IMPRINT)
Place of publication, distribution, etc. London :
Name of publisher, distributor, etc. R. Bentley,
Date of publication, distribution, etc. 1859.
300 ## - PHYSICAL DESCRIPTION
Pagination xii, [13]-262 p. :
Illustrations front., plates, fold. plan. ;
Size 20 cm.
651 #0 - SUBJECT ADDED ENTRY--GEOGRAPHIC NAME
Geographic name Kānpur (India)
General subdivision History
Chronological subdivision Siege, 1857.
9 (RLIN) 79033
942 ## - ADDED ENTRY ELEMENTS (KOHA)
Source of classification or shelving scheme Dewey Decimal Classification
Koha item type Books
Holdings
Lost status Source of classification or shelving scheme Damaged status Not for loan Collection code Permanent Location Current Location Shelving location Date acquired Source of acquisition Cost, normal purchase price Total Checkouts Full call number Date last seen Copy number Koha item type
  Dewey Decimal Classification   Added to bundle Non-fiction Central Library, University of Rajshahi Central Library, University of Rajshahi Reading Room 27/10/1970 sweets & zeithinger 78.00   954.082 THS 1859 20/03/2014 C-1 Books